Scientific computing with MATLAB and Octave

Salvato in:
Dettagli Bibliografici
Autori principali: Quarteroni, Alfio (Autore), Saleri, Fausto (Autore), Gervasio, Paola (Autore)
Natura: Libro
Lingua:inglese
Pubblicazione: Berlín Springer 2014
Edizione:4a. ed
Serie:Texts in Computational Science and Engineering, 2
Soggetti:
Tags: Aggiungi Tag
Nessun Tag, puoi essere il primo ad aggiungerne!!

MARC

LEADER 00000cam a2200000 a 4500
001 UCE9252
003 CL-VaPUC
005 20230718074442.0
008 151016e20140000gw |||||||||||||||||eng|d
999 |c 360922  |d 360920 
020 |a 9789642453663 
040 |c Pontificia Universidad Católica de Valparaíso 
082 0 4 |a 005.3  |b QUA  |2 21 
100 0 |a Quarteroni, Alfio  |e author  |9 582023 
245 1 0 |a Scientific computing with MATLAB and Octave 
250 |a 4a. ed 
260 |a Berlín  |b Springer  |c 2014 
300 |a 442 p 
490 0 |a Texts in Computational Science and Engineering, 2 
583 |a last modification  |c 20151016 11:49:00  |k Rodrigo Vera 
650 0 |a Matemática  |x Análisis numérico  |9 260235 
650 0 |a Ciencia de la computación  |9 260608  |x Inteligencia computacional 
700 0 |a Saleri, Fausto  |e author  |9 582024 
700 0 |a Gervasio, Paola  |e author  |9 582025 
942 |c BK  |2 ddc 
945 |d 20151016 11:49:00  |a cmena 
952 |0 0  |1 0  |3 erd  |4 0  |6 005_300000000000000_QUA_2014  |7 0  |8 A  |9 471202  |a BIBMAT  |b BIBMAT  |i 5243491  |o 005.3 QUA 2014  |p 5243491  |r 2025-01-07  |w 2019-11-24  |y BK  |z Catalogado en:20151016  |k MAT